000 00288nam a22001337a 4500
008 170216b xxu||||| |||| 00| 0 eng d
020 _a9781437744507
041 _aeng
080 _26TH
_a615
100 _a5
101 _aSHF
245 _aDRUGS IN SOCIETY
_cLYMAN, M.D
942 _2udc
_cBK
999 _c5740
_d5740